000 00572nam a2200193Ia 4500
003 GCL
008 140319s9999 xx 000 0 ara d
040 _aGCL /
_cGCL
082 0 4 _a813.03
_bا و
100 1 _aامانى خليل
245 1 0 _aوشيش البحر /
_cامانى خليل
260 _aالقاهرة :
_bالمجلس الاعلى للثقافة ،
_c2000
300 _a109 ص ؛
_c20 سم
490 _aالكتاب الاول
_v0
650 0 4 _aالادب العربى
650 0 4 _aالقصص العربية
650 0 4 _aالقصص
942 _2ddc
_cBK
999 _c471
_d471